00320nam a2200109Ia 4500008004100000041000800041082001200049100001800061245008600079260003700165300000800202230511s1967 xx 000 0 und d aeng a348.041 aChitaley S W  aAll India Reporter 1967 MP,Madras All India Reporter 1957 All India Reporter 1957 aNagpurbAll India Reporterc1967 a464